[Event "Rychnov Seniors op"]
[Site "Rychnov nad Kneznou"]
[Date "2012.08.24"]
[Round "5"]
[White "Hajek, Jaroslav"]
[Black "Glembek, Bohumir"]
[Result "1-0"]
[WhiteElo "1918"]
[BlackElo "1757"]
[PlyCount "85"]
[EventDate "2012.08.20"]
[EventType "swiss"]
[EventRounds "9"]
[EventCountry "CZE"]
[SourceTitle "CBM 150 Extra"]
[Source "ChessBase"]
[SourceDate "2012.10.19"]
[SourceVersion "1"]
[SourceVersionDate "2012.10.19"]
[SourceQuality "1"]

1. e4 Nf6 2. e5 Nd5 3. d4 d6 4. c4 Nb6 5. f4 dxe5 6. fxe5 Nc6 7. Be3 Bf5 8. Nf3 e6 9. Nc3 Be7 10. d5 exd5 11. cxd5 Nb8 12. Bb5+ Bd7 13. Qb3 0-0 14. 0-0 Bxb5 15. Qxb5 Qd7 16. Rad1 Qxb5 17. Nxb5 Na6 18. Nxc7 Nxc7 19. d6 Bxd6 20. exd6 Ncd5 21. Rfe1 Rfd8 22. Bc5 Rac8 23. b4 Nf6 24. Re7 Nfd7 25. Bxb6 axb6 26. Ng5 Nf6 27. Rxb7 Rd7 28. Rxb6 h6 29. Nf3 Ra8 30. Ne5 Rda7 31. d7 Rd8 32. Nc6 Rdxd7 33. Rxd7 Rxd7 34. Rb8+ Kh7 35. a4 Ne4 36. Rd8 Rc7 37. b5 Nc3 38. Ra8 f6 39. Nd8 Rd7 40. b6 Ne4 41. g3 Nc5 42. a5 g5 43. Ra7 1-0

[Event "Teplice op 6th"]
[Site "Teplice"]
[Date "2011.06.19"]
[Round "9"]
[White "Dusbaba, Karel"]
[Black "Hajek, Jaroslav"]
[Result "1/2-1/2"]
[WhiteElo "2089"]
[BlackElo "1961"]
[PlyCount "83"]
[EventDate "2011.06.11"]
[EventType "swiss"]
[EventRounds "9"]
[EventCountry "CZE"]
[SourceTitle "CBM 142 Extra"]
[Source "ChessBase"]
[SourceDate "2011.06.27"]
[SourceVersion "1"]
[SourceVersionDate "2011.06.27"]
[SourceQuality "1"]

1. c4 Nf6 2. Nc3 g6 3. d4 d6 4. e4 Bg7 5. f3 0-0 6. Be3 Nbd7 7. Qd2 Re8 8. Nge2 c5 9. d5 a6 10. Nc1 Rb8 11. Be2 Qc7 12. 0-0 Nf8 13. Rd1 Bd7 14. a4 a5 15. Bd3 b6 16. N1e2 h5 17. h3 N8h7 18. g4 hxg4 19. hxg4 Bxg4 20. fxg4 Nxg4 21. Bf4 Qd7 22. Ng3 Bd4+ 23. Kg2 Nf2 24. Rh1 Nxh1 25. Rxh1 e5 26. Be3 Bxc3 27. bxc3 f6 28. Qf2 Rf8 29. Qg1 Qxa4 30. Be2 Qc2 31. Kf2 Kh8 32. Qh2 Rb7 33. Qh6 Rg7 34. Qh3 Re7 35. Qh6 Rg7 36. Qh3 Re7 37. Bh6 Rg8 38. Qh4 Rf7 39. Qh3 Re7 40. Qh4 Rf7 41. Qh3 Re7 42. Qh4 1/2-1/2

[Event "Karlovy Vary op"]
[Site "Karlovy Vary"]
[Date "2011.04.29"]
[Round "2"]
[White "Hajek, Jaroslav"]
[Black "Lorenc, Tomas"]
[Result "0-1"]
[WhiteElo "2011"]
[BlackElo "2141"]
[PlyCount "42"]
[EventDate "2011.04.28"]
[EventType "swiss"]
[EventRounds "8"]
[EventCountry "CZE"]
[SourceTitle "CBM 142 Extra"]
[Source "ChessBase"]
[SourceDate "2011.06.27"]
[SourceVersion "1"]
[SourceVersionDate "2011.06.27"]
[SourceQuality "1"]

1. e4 d5 2. exd5 Qxd5 3. Nc3 Qa5 4. d4 Nf6 5. Nf3 Bg4 6. Bc4 Nc6 7. Be3 0-0-0 8. 0-0 e5 9. d5 e4 10. h3 exf3 11. hxg4 fxg2 12. Kxg2 Ne5 13. Be2 Nxd5 14. Nxd5 Rxd5 15. Qc1 h5 16. gxh5 Nc6 17. Rh1 Nd4 18. Bg4+ f5 19. c4 fxg4 20. Qd1 Rd7 21. Bxd4 Qf5 0-1

[Event "Kouty nad Desnou op-A"]
[Site "Kouty nad Desnou"]
[Date "2011.03.17"]
[Round "7"]
[White "Rut, Vojtech"]
[Black "Hajek, Jaroslav"]
[Result "1/2-1/2"]
[WhiteElo "1953"]
[BlackElo "2011"]
[PlyCount "105"]
[EventDate "2011.03.12"]
[EventType "swiss"]
[EventRounds "9"]
[EventCountry "CZE"]
[SourceTitle "EXT 2014"]
[Source "ChessBase"]
[SourceDate "2013.11.20"]
[SourceVersion "1"]
[SourceVersionDate "2013.11.20"]
[SourceQuality "1"]

1. e4 d5 2. d4 dxe4 3. Nc3 Bf5 4. f3 Nf6 5. g4 Bg6 6. g5 Nd5 7. Nxe4 e6 8. c3 Be7 9. Qb3 Nb6 10. Nh3 h6 11. Rg1 N8d7 12. Bd3 hxg5 13. Nhxg5 Rxh2 14. Bf4 Rh5 15. Nxe6 fxe6 16. Nd6+ Kf8 17. Bxg6 Nd5 18. Nf7 Bh4+ 19. Kd1 Qf6 20. Bd2 Qxf3+ 21. Kc2 Rf5 22. Rad1 Rxf7 23. Bxf7 Qe4+ 24. Kc1 Kxf7 25. Rdf1+ Bf6 26. Re1 Qd3 27. Qxb7 Rb8 28. Qc6 Nf8 29. Rgf1 Kg8 30. Rg1 Be7 31. Rxe6 Ba3 32. Qxd5 Bxb2+ 33. Kd1 Nxe6 34. Qxe6+ Kf8 35. Qg6 Qxg6 36. Rxg6 Rb6 37. Rxb6 axb6 38. Kc2 Ba3 39. Kb3 Bd6 40. Kc4 Ke7 41. Kd5 Kd7 42. a4 c6+ 43. Ke4 Ke6 44. c4 g6 45. Bg5 Bb4 46. Bd8 Ba5 47. c5 bxc5 48. Bxa5 cxd4 49. Kxd4 Kd7 50. Kc5 Kc8 51. Kxc6 Kb8 52. Bc7+ Ka8 53. a5 1/2-1/2

[Event "Kouty nad Desnou op-A"]
[Site "Kouty nad Desnou"]
[Date "2011.03.16"]
[Round "6"]
[White "Hajek, Jaroslav"]
[Black "Mrazek, Lumir"]
[Result "0-1"]
[WhiteElo "2011"]
[BlackElo "2160"]
[PlyCount "50"]
[EventDate "2011.03.12"]
[EventType "swiss"]
[EventRounds "9"]
[EventCountry "CZE"]
[SourceTitle "EXT 2014"]
[Source "ChessBase"]
[SourceDate "2013.11.20"]
[SourceVersion "1"]
[SourceVersionDate "2013.11.20"]
[SourceQuality "1"]

1. e4 c5 2. Nf3 e6 3. d4 cxd4 4. Nxd4 a6 5. Bd3 Bc5 6. Nb3 Ba7 7. Nc3 Nc6 8. 0-0 Nf6 9. Bg5 d6 10. Kh1 h6 11. Bh4 b5 12. f4 b4 13. e5 bxc3 14. exf6 g5 15. fxg5 hxg5 16. Bxg5 cxb2 17. Rb1 Ne5 18. Be2 Bb7 19. Nd4 Qb6 20. c3 0-0-0 21. Qd2 Rdg8 22. Rxb2 Rxg5 23. Rxb6 Rxg2 24. Qf4 Rgxh2+ 25. Kg1 Rg2# 0-1

[Event "Rychnov op"]
[Site "Rychnov nad Kneznou"]
[Date "2010.08.27"]
[Round "5"]
[White "Hajek, Jaroslav"]
[Black "Sramek, Josef"]
[Result "0-1"]
[WhiteElo "2013"]
[BlackElo "2141"]
[PlyCount "54"]
[EventDate "2010.08.23"]
[EventType "swiss"]
[EventRounds "7"]
[EventCountry "CZE"]
[SourceTitle "CBM 138 Extra"]
[Source "ChessBase"]
[SourceDate "2010.10.29"]
[SourceVersion "1"]
[SourceVersionDate "2010.10.29"]
[SourceQuality "1"]

1. e4 c5 2. Nf3 Nc6 3. Bb5 e6 4. Bxc6 bxc6 5. 0-0 d5 6. d3 Nf6 7. Nc3 Qc7 8. b3 Be7 9. Qe2 0-0 10. Bb2 Ba6 11. e5 Nd7 12. Rfe1 Rab8 13. Nd2 Qa5 14. Na4 c4 15. dxc4 Bb4 16. c3 Be7 17. Qg4 Rfd8 18. cxd5 cxd5 19. Nf3 Bb5 20. Nd4 Bxa4 21. Nxe6 fxe6 22. Qxe6+ Kf8 23. Re3 Rb6 24. Rf3+ Nf6 25. Qh3 Kg8 26. exf6 Bxf6 27. Rd1 Be8 0-1

[Event "Teplice op 5th"]
[Site "Teplice"]
[Date "2010.06.20"]
[Round "9"]
[White "Hajek, Jaroslav"]
[Black "Lyell, Mark"]
[Result "1-0"]
[WhiteElo "2002"]
[BlackElo "2132"]
[PlyCount "117"]
[EventDate "2010.06.12"]
[EventType "swiss"]
[EventRounds "9"]
[EventCountry "CZE"]
[SourceTitle "CBM 136 Extra"]
[Source "ChessBase"]
[SourceDate "2010.07.02"]
[SourceVersion "2"]
[SourceVersionDate "2010.07.15"]
[SourceQuality "1"]

1. e4 e5 2. Nf3 Nc6 3. Nc3 Nf6 4. Bb5 Nd4 5. Nxd4 exd4 6. e5 dxc3 7. exf6 Qxf6 8. dxc3 Be7 9. 0-0 0-0 10. Qd4 d5 11. Be3 Bf5 12. Qxf6 Bxf6 13. Bc5 Rfd8 14. Bd3 Bxd3 15. cxd3 d4 16. c4 b6 17. Bb4 Re8 18. Rfe1 Bg5 19. Rxe8+ Rxe8 20. Re1 Rd8 21. Re2 c5 22. Be1 Kf8 23. Kf1 a6 24. b4 Be7 25. bxc5 Bxc5 26. a4 Rd6 27. Bd2 Rd7 28. Ke1 f6 29. Kd1 Kf7 30. Kc2 f5 31. a5 Rc7 32. axb6 Bxb6 33. Bb4 Bc5 34. Ba5 Rc8 35. h3 Bd6 36. Bb6 Bc5 37. Bxc5 Rxc5 38. Kb3 a5 39. Ka4 Kf6 40. Re8 g6 41. f4 Rc7 42. Kxa5 Ra7+ 43. Kb4 Ra2 44. Kc5 Rxg2 45. Kxd4 Rf2 46. c5 Rxf4+ 47. Kd5 Rf3 48. d4 Kf7 49. Re1 Rxh3 50. c6 Rc3 51. Kd6 f4 52. c7 g5 53. Re5 f3 54. Rxg5 Rc4 55. d5 Kf6 56. Rg8 h5 57. Rf8+ Kg5 58. Rxf3 h4 59. Rf8 1-0

[Event "CZE-chT2D 0910"]
[Site "Czech Republic"]
[Date "2010.04.18"]
[Round "11.8"]
[White "Meduna, Eduard1111"]
[Black "Hajek, Jaroslav"]
[Result "1-0"]
[WhiteElo "1787"]
[BlackElo "1922"]
[PlyCount "69"]
[EventDate "2009.10.18"]
[EventType "team-tourn"]
[EventRounds "11"]
[EventCountry "CZE"]
[SourceTitle "EXT 2012"]
[Source "ChessBase"]
[SourceDate "2011.11.24"]
[SourceVersion "1"]
[SourceVersionDate "2011.11.24"]
[SourceQuality "1"]
[WhiteTeam "Brno Lokomotiva II"]
[BlackTeam "Zajecice"]
[WhiteTeamCountry "CZE"]
[BlackTeamCountry "CZE"]

1. e4 d5 2. exd5 Qxd5 3. d4 Nf6 4. Nc3 Qd6 5. Nf3 a6 6. g3 Bg4 7. Bg2 Nc6 8. 0-0 0-0-0 9. Be3 e5 10. dxe5 Nxe5 11. Qxd6 Bxd6 12. Nd4 h6 13. h3 Bd7 14. Rad1 Rhe8 15. Nb3 Bf5 16. Nd4 Bg6 17. b3 c5 18. Nf3 Nxf3+ 19. Bxf3 Bxg3 20. Rxd8+ Kxd8 21. Bxc5 Be5 22. Nd5 Nxd5 23. Bxd5 Kc7 24. c4 f6 25. f4 Bc3 26. Kf2 Bf5 27. h4 b6 28. Be3 Bb4 29. Ra1 a5 30. Kf3 Bc5 31. Bxc5 bxc5 32. Rd1 Re7 33. Kf2 Bg4 34. Bf3 Rd7 35. Bxg4 1-0

[Event "Kouty nad Desnou op-A"]
[Site "Kouty nad Desnou"]
[Date "2010.03.10"]
[Round "6"]
[White "Hajek, Jaroslav"]
[Black "Mouryc, Tomas"]
[Result "1/2-1/2"]
[WhiteElo "1946"]
[BlackElo "2022"]
[PlyCount "24"]
[EventDate "2010.03.06"]
[EventType "swiss"]
[EventRounds "9"]
[EventCountry "CZE"]
[SourceTitle "CBM 135 Extra"]
[Source "ChessBase"]
[SourceDate "2010.05.04"]
[SourceVersion "1"]
[SourceVersionDate "2010.05.04"]
[SourceQuality "1"]

1. e4 c5 2. Nf3 e6 3. d4 cxd4 4. Nxd4 a6 5. Bd3 Qc7 6. 0-0 Nf6 7. Nc3 Nc6 8. Be3 b5 9. a3 Bb7 10. f4 Bc5 11. Nf5 Bxe3+ 12. Nxe3 d6 1/2-1/2

[Event "Kouty nad Desnou op-A"]
[Site "Kouty nad Desnou"]
[Date "2010.03.07"]
[Round "2"]
[White "Hajek, Jaroslav"]
[Black "Vales, Vaclav"]
[Result "1/2-1/2"]
[WhiteElo "1946"]
[BlackElo "2193"]
[PlyCount "45"]
[EventDate "2010.03.06"]
[EventType "swiss"]
[EventRounds "9"]
[EventCountry "CZE"]
[SourceTitle "CBM 135 Extra"]
[Source "ChessBase"]
[SourceDate "2010.05.04"]
[SourceVersion "1"]
[SourceVersionDate "2010.05.04"]
[SourceQuality "1"]

1. e4 c5 2. Nf3 Nc6 3. Bb5 e6 4. Bxc6 bxc6 5. d3 Qc7 6. b3 e5 7. 0-0 g6 8. Nc3 Bg7 9. Qe2 Ne7 10. Ba3 d6 11. Rad1 0-0 12. h3 Ba6 13. Na4 f5 14. c4 Bc8 15. Nh2 f4 16. f3 Bf6 17. Qf2 Kg7 18. Rfe1 Ng8 19. Ng4 Be6 20. Kf1 Qd8 21. Nxf6 Nxf6 22. Nxc5 dxc5 23. Qxc5 1/2-1/2

[Event "Kouty nad Desnou op-A"]
[Site "Kouty nad Desnou"]
[Date "2010.03.06"]
[Round "1"]
[White "Valenta, Vit"]
[Black "Hajek, Jaroslav"]
[Result "1/2-1/2"]
[WhiteElo "2198"]
[BlackElo "1946"]
[PlyCount "127"]
[EventDate "2010.03.06"]
[EventType "swiss"]
[EventRounds "9"]
[EventCountry "CZE"]
[SourceTitle "CBM 135 Extra"]
[Source "ChessBase"]
[SourceDate "2010.05.04"]
[SourceVersion "1"]
[SourceVersionDate "2010.05.04"]
[SourceQuality "1"]

1. b4 Nf6 2. Bb2 e6 3. a3 b6 4. Nf3 Bb7 5. g3 Be7 6. Bg2 0-0 7. 0-0 d6 8. d3 c5 9. e4 Nbd7 10. c4 Qc7 11. Nc3 a6 12. Rc1 Rac8 13. Re1 e5 14. Nh4 g6 15. Bh3 Rfe8 16. Qd2 Bf8 17. Ng2 Bg7 18. f4 Re7 19. fxe5 Nxe5 20. Rf1 Rce8 21. Ne3 Qd8 22. Qe2 Bc8 23. Bxc8 Qxc8 24. Ned5 Nxd5 25. Nxd5 Rb7 26. Rce1 Re6 27. Bxe5 Bxe5 28. Kg2 b5 29. cxb5 axb5 30. Rc1 Bd4 31. Qg4 Qa8 32. Qg5 Qxa3 33. Qd8+ Kg7 34. Nc7 Rxc7 35. Qxc7 Qb2+ 36. Kh3 Rf6 37. Rxf6 Bxf6 38. Rf1 Qe2 39. Rxf6 Qh5+ 40. Kg2 Kxf6 41. Qxd6+ Kg7 42. Qxc5 Qe2+ 43. Qf2 Qxd3 44. Qb2+ f6 45. Kf2 Qxe4 46. Qc3 Kf7 47. Qc7+ Qe7 48. Qa5 Qe5 49. Qa7+ Ke6 50. Qb6+ Kf5 51. Qa5 h5 52. Qa3 Qd4+ 53. Kf3 g5 54. Qb3 Qe4+ 55. Kf2 g4 56. Qc3 Qc4 57. Qd2 Ke5 58. Qe3+ Kd5 59. Qe7 Qd4+ 60. Kf1 Qd1+ 61. Kf2 Kc4 62. Qc5+ Kb3 63. Qxb5 Qf3+ 64. Kg1 1/2-1/2

[Event "CZE-chT2D 0910"]
[Site "Czech Republic"]
[Date "2010.02.14"]
[Round "7.8"]
[White "Tesar, Jan"]
[Black "Hajek, Jaroslav"]
[Result "0-1"]
[WhiteElo "2101"]
[BlackElo "1922"]
[PlyCount "90"]
[EventDate "2009.10.18"]
[EventType "team-tourn"]
[EventRounds "11"]
[EventCountry "CZE"]
[SourceTitle "EXT 2012"]
[Source "ChessBase"]
[SourceDate "2011.11.24"]
[SourceVersion "1"]
[SourceVersionDate "2011.11.24"]
[SourceQuality "1"]
[WhiteTeam "Trebic Caissa"]
[BlackTeam "Zajecice"]
[WhiteTeamCountry "CZE"]
[BlackTeamCountry "CZE"]

1. d4 Nf6 2. Nf3 e6 3. g3 b6 4. Bg2 Bb7 5. 0-0 Be7 6. c4 0-0 7. d5 exd5 8. Nh4 c6 9. cxd5 Nxd5 10. Nf5 Bf6 11. e4 Nc7 12. Nd6 Ba6 13. Re1 Ne8 14. e5 Nxd6 15. exd6 Bc4 16. Na3 Be6 17. Qd3 a5 18. Nc4 Na6 19. Be3 Nb4 20. Qe2 Rb8 21. a3 Nd5 22. Bd2 a4 23. f4 Bd4+ 24. Kh1 b5 25. Ba5 Qf6 26. Ne5 Bc5 27. f5 Bxf5 28. g4 Nf4 29. Qf3 Be6 30. Re4 Nxg2 31. Qxg2 Bxd6 32. Bc3 Qd8 33. Nf3 Bd5 34. Re2 Re8 35. Rxe8+ Qxe8 36. Re1 Qf8 37. Rd1 Re8 38. g5 Qe7 39. h4 Qe2 40. Rxd5 cxd5 41. Qxe2 Rxe2 42. Nd4 Rh2+ 43. Kg1 Rxh4 44. Nxb5 Bc5+ 45. Kf1 d4 0-1